Atmospheric pollution : (Record no. 13873)

MARC details
000 -LEADER
fixed length control field 01050pam a2200325 a 4500
001 - CONTROL NUMBER
control field 599941
005 - DATE AND TIME OF LATEST TRANSACTION
control field 20170721113614.0
006 - FIXED-LENGTH DATA ELEMENTS--ADDITIONAL MATERIAL CHARACTERISTICS--GENERAL INFORMATION
fixed length control field 000
007 - PHYSICAL DESCRIPTION FIXED FIELD--GENERAL INFORMATION
fixed length control field 000
008 - FIXED-LENGTH DATA ELEMENTS--GENERAL INFORMATION
fixed length control field 000
010 ## - LIBRARY OF CONGRESS CONTROL NUMBER
LC control number 91043288
020 ## - INTERNATIONAL STANDARD BOOK NUMBER
International Standard Book Number 0631185399 (acidfree paper)
International Standard Book Number 0631173080 (pbk. : acidfree paper)
040 ## - CATALOGING SOURCE
Original cataloging agency UOEL
Transcribing agency DLC
Modifying agency DLC
050 00 - LIBRARY OF CONGRESS CALL NUMBER
Classification number TD883
Item number .E46 1992
082 00 - DEWEY DECIMAL CLASSIFICATION NUMBER
Classification number 363.73/92
Edition number 20
100 1# - MAIN ENTRY--PERSONAL NAME
Personal name Elsom, Derek M.
245 10 - TITLE STATEMENT
Title Atmospheric pollution :
Remainder of title a global problem /
Statement of responsibility, etc Derek M. Elsom.
250 ## - EDITION STATEMENT
Edition statement 2nd ed.
260 ## - PUBLICATION, DISTRIBUTION, ETC. (IMPRINT)
Place of publication, distribution, etc Oxford, UK ;
-- Cambridge, Mass., USA :
Name of publisher, distributor, etc Blackwell Publishers,
Date of publication, distribution, etc 1992.
300 ## - PHYSICAL DESCRIPTION
Extent xii, 422 p. :
Other physical details ill., maps ;
Dimensions 26 cm.
504 ## - BIBLIOGRAPHY, ETC. NOTE
Bibliography, etc Includes bibliographical references (p. [382]-411) and index.
650 #0 - SUBJECT ADDED ENTRY--TOPICAL TERM
Topical term or geographic name as entry element Air
General subdivision Pollution.
Topical term or geographic name as entry element Air quality management.
Topical term or geographic name as entry element Pollutants.
Topical term or geographic name as entry element Environmental policy.
906 ## - LOCAL DATA ELEMENT F, LDF (RLIN)
a 7
b cbc
c orignew
d 1
e ocip
f 19
g y-gencatlg
942 ## - ADDED ENTRY ELEMENTS (KOHA)
Source of classification or shelving scheme Library of Congress Classification
Item type SES Book
Holdings
Withdrawn status Lost status Source of classification or shelving scheme Damaged status Not for loan Home library Current library Shelving location Date acquired Total Checkouts Full call number Barcode Date last seen Copy number Price effective from Koha item type
    Library of Congress Classification     UOE Main Library UOE Main Library Open shelf 21/07/2017   TD883 .E46 1992 10017071 21/07/2017 10017071 21/07/2017 SES Book